000
00272nam a22001217a 4500
008
260311b ||||| |||| 00| 0 eng d
041
_a
eng
080
_a
573.4
100
_a
20.1
101
_a
mek
245
_a
Cellular Endocrinology
_c
P. Michael Conn
942
_2
udc
_c
BK
999
_c
60886
_d
60886